| 000 | 00372nam a2200157Ia 4500 | ||
|---|---|---|---|
| 008 | 210210b1950 xxu||||| |||| 00| 0 eng d | ||
| 041 | _aeng | ||
| 082 | _a824/194 | ||
| 100 | _aLEECH (C) | ||
| 245 | _aShakespeares tragedies | ||
| 260 |
_aLondon _bChatto & Windus _c1950 |
||
| 650 | _atragedies | ||
| 650 | _aShakespeares | ||
| 690 | _aEnglish Prose | ||
| 906 | _a014145 | ||
| 999 |
_c133243 _d133243 |
||